|
|
|
|
| LEADER |
00933nam a2200217 a 4500 |
| 003 |
GR-PaULI |
| 005 |
20190718111011.0 |
| 008 |
170331s2007 nyua 000 0 eng d |
| 952 |
|
|
|0 0
|1 0
|2 ddc
|4 0
|6 730_954000000000000_GUY
|7 0
|9 234074
|a LISA
|b LISA
|c BSC
|d 2019-07-18
|i 3067
|l 0
|o 730.954 GUY
|p 025000263409
|r 2019-07-18 00:00:00
|t 1
|w 2019-07-18
|y BK15
|
| 999 |
|
|
|c 141984
|d 141984
|
| 020 |
|
|
|a 9781851775095
|
| 040 |
|
|
|a GR-PaULI
|b gre
|e GR-PaULI
|c GR-AiPI
|d AACR2
|
| 082 |
0 |
4 |
|a 730.954
|2 23
|
| 100 |
1 |
|
|a Guy, John,
|9 162300
|d 1949-
|e συγγραφέας.
|
| 245 |
1 |
0 |
|a Indian temple sculpture /
|c John Guy.
|
| 260 |
|
|
|a London :
|b V & A Publications,
|c 2007.
|
| 300 |
|
|
|a 192 σ. :
|b έγχρ. εικ. ;
|c 29 εκ.
|
| 504 |
|
|
|6 Περιλαμβάνει βιβλιογραφικές αναφορές ( σ. 178-182) και ευρετήριο.
|
| 650 |
|
4 |
|9 177207
|a Γλυπτική, Ινδική.
|
| 942 |
|
|
|2 ddc
|c BK15
|
| 998 |
|
|
|c ΜΙΧΟΣΤΑΥΡΟΥ
|d 2019-07
|